000 00331nam a2200133Ia 4500
005 20260326100044.0
008 260326s9999||||xx |||||||||||||| ||und||
100 _aSteffens, Martin
245 0 _aKarl Friedrich Schinkel 1781-1841 /
_cMartin Steffens
260 _bTaschen
300 _a96 p.
650 _aARQUITECTOS
942 _cBK
999 _c7120
_d7120